000 00577nam a22002057a 4500
003 OSt
005 20180329133855.0
008 140909b xxu||||| |||| 00| 0 eng d
020 _a8697228487
040 _cDLC
082 _aQX 500 D293 1994
100 _aDavies, Romoser G.; Stoffolano, O. W. Richards
_9976
245 _aThe Science of Entomology
250 _a10th ed.
260 _aIndia;
_bChapman and Hall,
_c1994.
300 _aix, 418 p. :
_bill;
_c27 cm.
504 _aIncludes Bibliographical refeences and Index.
650 _aEntomology
_9977
942 _2z
_cB_BANK
999 _c377
_d377